El C. General Rafael Olvera, gobernador constitucional etc... el Congreso del estado de Querétaro Arteaga, considerando: que si bien la existencia de los juzgados del Registro Civil es una institución meramente federal, su organización económica y administrativa corresponde al régimen interior de los estados... Por tanto, etc. Palacio del Gobierno, Querétaro, junio 13 de 1885, Rafael Olvera, Anselmo G. Rubio, secretario

Detalles Bibliográficos
Autor Corporativo: Querétaro (México). Leyes, decretos, etc
Otros Autores: Olvera, Rafael, Rubio, Anselmo G.
Formato: Libro
Lenguaje:Spanish
Publicado: Querétaro : s.n., ca. 1885.
Materias:
Colección:Banco de datos
Acervo:Seminario Conciliar de Nuestra Señora de Guadalupe Querétaro. Qro.. Biblioteca Florencio Rosas. Fondo Histórico
Descripción Física:2 pliegos ; 34 x 20 cm.
Tema general:Derecho civil - Registro civil
Notas:Libro manuscrito. Letra humanística. 37 renglones por página
LEADER 01255nam a22002170004500
035 |a 6373 
041 0 |a spa 
110 1 |a Querétaro (México). Leyes, decretos, etc. 
245 1 0 |a El C. General Rafael Olvera, gobernador constitucional etc... el Congreso del estado de Querétaro Arteaga, considerando: que si bien la existencia de los juzgados del Registro Civil es una institución meramente federal, su organización económica y administrativa corresponde al régimen interior de los estados... Por tanto, etc. Palacio del Gobierno, Querétaro, junio 13 de 1885, Rafael Olvera, Anselmo G. Rubio, secretario 
260 |a Querétaro : s.n., ca. 1885.  
300 |a 2 pliegos ; 34 x 20 cm. 
500 |a Libro manuscrito. Letra humanística. 37 renglones por página 
501 |a 12 obras 
504 |a Este documento impreso no tiene portada sino una rúbrica o título de partida al comienzo del texto de donde se ha tomado el título 
650 1 0 |a Derecho civil - Registro civil 
700 1 |a Olvera, Rafael 
700 1 |a Rubio, Anselmo G. 
949 |a Fondo Histórico: 14767-J 
942 |c Q.R.H.T 
943 |g Seminario Conciliar de Nuestra Señora de Guadalupe Querétaro. Qro.. Biblioteca Florencio Rosas. Fondo Histórico 
999 |c 1087828  |d 1087828